• 首页
  • 本馆介绍
  • 公告通知
  • 最新文献
  • 馆藏检索
  • 电子资源
  • 读者导购
  • 参考咨询
  • 我的图书馆
  • 登录
  • 详细信息显示
  • 放入我的书架
  • 预约/预借图书
  • 作者相关作品
  • 分类相关作品
  • 丛书相关作品
  • 出版社相关作品

书目信息

  • 表格格式
  • 工作单格式
  • 卡片格式
题名:
教化情感
    
 
作者: 崔凯华 著
分册:  
出版信息: 北京   线装书局  2021.06
页数: 233页
开本: 24cm
丛书名: 湖北民族大学文学与传媒学院学科建设文库
单 册:
中图分类: G40-092.2
科图分类:
主题词: 儒家教育思想--研究--中国--先秦时代
电子资源:
ISBN: 978-7-5120-4455-5
000 00891nam0 2200253 450
001 012001001295
005 20140201134321.0
010    @a978-7-5120-4455-5@dCNY66.00
100    @a20220905d2021 em y0chiy50 ea
101 0  @achi
102    @aCN@b110000
105    @ay z 000yy
106    @ar
200 1  @a教化情感@Ajiao hua qing gan@e先秦儒家乐教观研究@f崔凯华著
210    @a北京@c线装书局@d2021.06
215    @a233页@d24cm
225 1  @a湖北民族大学文学与传媒学院学科建设文库
300    @a湖北民族大学博士启动基金资助
330    @a本书共七章,内容包括:前儒家时期的乐教观、孔子的乐教观、郭店楚简《性自命出》的乐教观、郭店楚简《五行》的乐教观、《乐记》的乐教观、孟子的乐教观、荀子的乐教观。
606 0  @a儒家教育思想@x研究@y中国@z先秦时代
690    @aG40-092.2@v5
701  0 @a崔凯华@Acui kai hua@4著
801  0 @aCN@bAHXH@c20221111
905    @b1366053-7@dG40-092.2@e1283@f5
    
    教化情感:先秦儒家乐教观研究/崔凯华著.-北京:线装书局,2021.06
    233页;24cm.-(湖北民族大学文学与传媒学院学科建设文库)
    湖北民族大学博士启动基金资助
    
    ISBN 978-7-5120-4455-5:CNY66.00
    本书共七章,内容包括:前儒家时期的乐教观、孔子的乐教观、郭店楚简《性自命出》的乐教观、郭店楚简《五行》的乐教观、《乐记》的乐教观、孟子的乐教观、荀子的乐教观。
●
相关链接 在E读中查询图书 在五车中查询图书 在当当中查询图书 在豆瓣中查询图书


正题名:教化情感     索取号:G40-092.2/1283         预约/预借

序号 登录号 条形码 馆藏地/架位号 状态 备注
1 1366053   213660536   第一样本阅览室/ [索取号:G40-092.2/1283] 在馆    
2 1366054   213660545   教育系资料室/ [索取号:G40-092.2/1283] 在馆    
3 1366055   213660554   教育系资料室/ [索取号:G40-092.2/1283] 在馆    
4 1366056   213660563   第四借阅区/ [索取号:G40-092.2/1283] 在馆    
5 1366057   213660572   第四借阅区/ [索取号:G40-092.2/1283] 在馆    
唐山师范学院图书馆 欢迎您!
大连网信软件有限公司© 版权所有